20 Biggest US Cities with Native American Names - Statistics

General Stats
  • This quiz has been taken 563 times
    533 since last reset
  • The average score is 14 of 20
Answer Stats
Hint state Rank City % Correct
Illinois 1 Chicago
95%
Washington 2 Seattle
93%
Florida 8 Miami
91%
Oklahoma 4 Oklahoma City
91%
Wisconsin 3 Milwaukee
88%
Nebraska 7 Omaha
85%
Florida 12 Tampa
82%
Missouri 6 Kansas City
81%
Minnesota 10 Minneapolis
81%
Oklahoma 9 Tulsa
81%
Arizona 5 Tucson
79%
Florida 18 Tallahassee
76%
Kansas 11 Wichita
75%
Washington 15 Spokane
68%
Washington 16 Tacoma
61%
Alabama 17 Mobile
56%
Tennessee 19 Chattanooga
54%
Virginia 14 Chesapeake
39%
Florida 13 Hialeah
30%
California 20 Rancho Cucamonga
7%
No matching quizzes found
Score Distribution
Percent of People with Each Score
Percentile by Number Answered
Your Score History
You have not taken this quiz since the last reset